LEADER 01272nam0-22003251i-450- 001 990006674310403321 005 20160407084705.0 035 $a000667431 035 $aFED01000667431 035 $a(Aleph)000667431FED01 035 $a000667431 100 $a20010426d--------km-y0itay50------ba 101 0 $aita 105 $ay-------001yy 200 1 $aPotere sindacale e ordinamento giuridico. Diritto di sciopero, consigli di fabbrica, forme di contrattazione. Convegno di studi di diritto sindacale. Bologna, 10-11 luglio 1972. Atti$fA cura della Federazione lavoratori metalmeccanici Fim-Fiom-Uilm. 210 $aBari$cDe Donato$d1972 215 $a275 p.$d22 cm 225 1 $aMovimento operaio$v7 710 12$aConvegno di studi di diritto sindacale$f<1972 ;$eBologna>$0495421 801 0$aIT$bUNINA$gRICA$2UNIMARC 901 $aBK 912 $a990006674310403321 952 $aDPR 28-217$b4239$fDEC 952 $aCOLLEZ. 84 (7)$b3233$fFSPBC 952 $aXXVIII 442$b672$fDDCIC 959 $aDEC 959 $aFSPBC 959 $aDDCIC 996 $aPotere sindacale e ordinamento giuridico. Diritto di sciopero, consigli di fabbrica, forme di contrattazione. Convegno di studi di diritto sindacale. Bologna, 10-11 luglio 1972. Atti$9617691 997 $aUNINA LEADER 01390nam--2200445---450- 001 990000279530203316 005 20081209112502.0 010 $a88-464-1974-X 035 $a0027953 035 $aUSA010027953 035 $a(ALEPH)000027953USA01 035 $a0027953 100 $a20001020d2000----km-y0itay0103----ba 101 0 $aita 102 $aIT 105 $a||||||||001yy 200 1 $aTeam building$etrenta giorni di passione$ediario di un'esperienza di formazione$fRosanna Gallo$gprefazione di Enzo Spaltro 210 $aMilano$cFranco Angeli$dcopyr. 2000 215 $a125 p.$d23 cm 225 2 $aFormazione permanente 410 0$12001$aFormazione permanente 606 $aAziende$xLavoro di gruppo 606 $aFormazione professionale 676 $a658.3128 700 1$aGALLO,$bRosanna$0541912 702 1$aSPALTRO,$bEnzo 801 0$aIT$bsalbc$gISBD 912 $a990000279530203316 951 $a658.312 GAL 1 (IRA 10 34)$b7928 E.C.$cIRA 10$d00002912 959 $aBK 969 $aECO 979 $aTAMI$b40$c20001020$lUSA01$h1256 979 $aTAMI$b40$c20001020$lUSA01$h1258 979 $aTAMI$b40$c20001020$lUSA01$h1300 979 $c20001110$lUSA01$h1716 979 $c20020403$lUSA01$h1636 979 $aPATRY$b90$c20040406$lUSA01$h1620 979 $aRSIAV2$b90$c20081209$lUSA01$h1125 996 $aTeam building$9880488 997 $aUNISA